000 01495nam a22002537a 4500
999 _c63907
_d63907
003 Ge_BSU
005 20260217175436.0
008 260217s2002 ge ||||| |||| 00| 0 geo d
020 _a9992893451
041 _ageo
080 _a913(100) :911.3:33(100) მ-39
100 _aმაქსაკოვსკი, ვ.პ.
_926640
245 _aმსოფლიოს გეოგრაფიული სურათი. რეგიონული მიმოხილვა :
_b თარგმანი რუს. /
_c[მთარგმნ.: ლ. აბაზაძე, გ. ლაშხი, მ. მელიქსეთბეგი; რედ.: ზ. დავითაშვილი].
264 _aთბ. :
_bლეგა,
_c2002.
300 _a314 გვ. ;
_b27 სმ.
500 _aგარეკანზე ავტ. აღნიშნული არ არის
653 _aმსოფლიოს ეკონომიკური გეოგრაფია
653 _aმსოფლიოს სოციალურ-პოლიტიკური გეოგრაფია
700 _aდავითაშვილი, ზ.
_eრედაქტორი
_926908
700 _aაბაზაძე, ლ.
_eმთარგმნელი
_926909
700 _aლაშხი, გ.
_eმთარგმნელი
_926910
700 _aმელიქსეთბეგი, მ.
_eმთარგმნელი
_926911
942 _2udc
_cᲬᲘᲒᲜᲘ